El misterio de Dios, uno y trino /

Explicación introductoria, destinada a los lectores en general, sobre la Santísima Trinidad, que el autor califica como el misterio específico del cristianismo, junto con el misterio de la encarnación redentora, y el misterio por excelencia.

Spremljeno u:
Bibliografski detalji
Glavni autor: Piault, Bernard (autor)
Format: Knjiga
Jezik:španjolski
Izdano: Andorra la Vieja, Andorra : Casal i Vall, 1958, c1958
Serija:(Yo Sé-Yo Creo ; Las Grandes Verdades de la Salvación) 17.
Teme:
Oznake: Dodaj oznaku
Bez oznaka, Budi prvi tko označuje ovaj zapis!

MARC

LEADER 00000nam^a2200000^a^4500
001 000185521
005 20250521000000.0
009 20260310102154.874
037 |a Acervo ITESO - Biblioteca 
041 |a ESP 
082 |a 231. 044  |b PIA 
100 |a Piault, Bernard  |e (autor) 
245 1 3 |a El misterio de Dios, uno y trino /  |c B. Piault ; tr. por Tomás Lamarca. 
264 4 |a Andorra la Vieja, Andorra :  |b Casal i Vall,  |c 1958, c1958 
300 |a 157 p. 
336 |a texto  |b txt  |2 rdacontenido 
337 |a sin mediación  |b n  |2 rdamedio 
338 |a volumen  |b nc  |2 rdasoporte 
440 1 |a (Yo Sé-Yo Creo ;  |v 17.  |p Las Grandes Verdades de la Salvación) 
500 |a Traducción de: Le mystère du Dieu vivant, un et trine 
520 |a Explicación introductoria, destinada a los lectores en general, sobre la Santísima Trinidad, que el autor califica como el misterio específico del cristianismo, junto con el misterio de la encarnación redentora, y el misterio por excelencia. 
649 |a XX 
650 |a Trinidad 
650 |a Dios 
650 |a Misterios Religiosos 
650 |a Teología Doctrinal 
650 |a Catolicismo 
650 |a Cristianismo 
650 |a Religión 
910 |a Fondo General 
920 |a Impresos - Libros 
930 |a Colección General 
905 |a 101 
901 |a 0500126643  |b IT1  |c ACC  |u 20250521 
902 |a https://opac.biblio.iteso.mx/vufind/Record/000185521